Normal view
MARC view
- Syed Nazar Zaidi
Entry Personal Name
001 - CONTROL NUMBER
- control field: 124964
003 - CONTROL NUMBER IDENTIFIER
- control field: NUST
005 - DATE AND TIME OF LATEST TRANSACTION
- control field: 20240801165411.0
008 - FIXED-LENGTH DATA ELEMENTS
- fixed length control field: 240801|| aca||aabn | a|a d
040 ## - CATALOGING SOURCE
- Original cataloging agency: NUST
- Transcribing agency: NUST
100 ## - HEADING--PERSONAL NAME
- Personal name: Syed Nazar Zaidi
670 ## - SOURCE DATA FOUND
- Source citation: Work cat.: (NUST): Syed Nazar Zaidi , Azeem Kaum Ki Kahani:, 2010.
